000 00529nam a22001697a 4500
005 20231102071424.0
008 231102b |||||||| |||| 00| 0 eng d
020 _a0702106135
041 _aEnglish
082 _a346.6 LEW
100 _aLewin, A
_lEnglish
245 _aThe Law, Procedure and Conduct of Meetings in South Africa /
_cA Lewin
260 _aCape Town :
_bJuta and Company Ltd,
_c1975
300 _bxix, 236 pages ;
_c26 cm.
650 _aLegal practice
_bLaw
942 _cBK
_6ALISON_BN_VRIES
999 _c240
_d240